[Event "ICS rated blitz match"]
[Site "207.99.83.227"]
[Date "1999.04.03"]
[Round "?"]
[White "bot"]
[Black "Hossa"]
[Result "1-0"]
[WhiteElo "2786"]
[BlackElo "2481"]
[Annotator "Crafty v16.6"]
[PlyCount "149"]

{annotating for player Hossa using a scoring margin of +0.10 pawns. search
time limit is 12.00} 1. e4 1... c5 2. Nf3 Nc6 3. d4 cxd4 4. Nxd4 Qb6 5. Nb3 Nf6
6. Nc3 e6 7. Bd3 Bb4 8. O-O Bxc3 9. bxc3 Qc7 10. Ba3 Qe5 11. Qf3 Qxc3 ({8:-0.47
} 11... Qxc3 12. Qg3 Nh5 13. Qh4 g6 14. Bd6 Qf6 15. Qg4 $14) ({8:-0.20} 11...
h5 12. c4 Ng4 13. Qh3 f6 14. c5 Nd4 15. Rad1 $10) 12. Qg3 d5 ({9:-0.61} 12...
d5 13. exd5 Nxd5 14. Bd6 Qf6 15. Rfe1 Nde7 16. Bxe7 Kxe7 17. Qc7+ Kf8 18. Nc5
$14) ({9:-0.39} 12... Nh5 13. Qc7 Qf6 14. Bd6 Qd8 15. Qxd8+ Nxd8 16. Rad1 Nc6
17. Bb5 17... f6 $14) 13. exd5 Nxd5 14. Rfe1 Qf6 ({7:-0.77} 14... Qf6 15. Be4
Nf4 16. Bd6 Ng6 17. Rad1 17... Bd7 $16) ({7:-0.66} 14... Bd7 15. Bd6 Rd8 16.
Rad1 Qf6 17. Nc5 17... Na5 $14) 15. Be4 Nc3 ({8:-1.44} 15... Nc3 16. Bxc6+ bxc6
17. Bc5 Nd5 18. Bd4 Qg6 19. Qxg6 hxg6 20. Bxg7 20... Rh4 $16) ({8:-0.84} 15...
Nf4 16. Bxc6+ bxc6 17. Rab1 e5 18. Bb2 O-O 19. Bxe5 Nh5 20. Bxf6 Nxg3 21. fxg3
21... gxf6 $16) 16. Bxc6+ bxc6 17. Qd6 Bd7 18. Nc5 Rd8 19. Bb2 Ne4 20. Bxf6
Nxd6 21. Bxg7 Rg8 22. Bf6 Rg6 23. Bxd8 Kxd8 24. Rad1 Ke7 25. f4 Bc8 26. Rd4 Nb7
27. Nb3 Nd8 28. Red1 Nb7 29. Ra4 Kf6 30. Rxa7 c5 31. Ra4 e5 32. Re1 exf4 33.
Rxf4+ Kg7 34. Re7 Nd8 35. Nxc5 Rc6 36. Rc4 Rd6 37. Ne4 Rd1+ 38. Kf2 Be6 39.
Rcc7 Bxa2 40. Ke2 Rd4 41. c3 Ra4 42. Nc5 Ra8 43. Ke3 Kh6 44. g3 Ne6 45. Nxe6
Bxe6 46. Ra7 Rd8 47. Rac7 Ra8 48. h4 Kg6 49. Rc5 Kf6 50. Rec7 Rg8 51. Kf3 Rg7
52. Rb5 Bg4+ 53. Kf2 Ke6 54. Rbb7 Kf6 55. c4 h5 56. c5 Be6 57. c6 Bd5 58. Rb5
Ke6 59. Rc8 Bh1 60. Rc5 Kd6 61. Rc1 Bxc6 62. R8xc6+ Ke7 63. Re1+ Kd7 64. Rh6
Rg6 65. Rxg6 fxg6 66. Kf3 Kd6 67. Kf4 Kd7 68. Rd1+ Ke7 69. Kg5 Kf7 70. Rd6 Kg7
71. Rf6 Kh7 72. Rf7+ Kh8 73. Kxg6 Kg8 74. Rf6 Kh8 75. Rf8# 1-0

[Event "ICS Rated blitz match"]
[Site "207.99.83.227"]
[Date "1999.04.03"]
[Round "?"]
[White "Hossa"]
[Black "Secret"]
[Result "1/2-1/2"]
[WhiteElo "2476"]
[BlackElo "2586"]
[PlyCount "305"]

1. e4 e5 2. Nf3 Nf6 3. Nc3 Nc6 4. Bc4 Bc5 5. O-O d6 6. d3 Na5 7. Bg5 Nxc4 8.
dxc4 Be6 9. Qd3 h6 10. Bxf6 Qxf6 11. Nd5 Bxd5 12. Qxd5 O-O-O 13. Rab1 a5 14.
Qd2 Qf4 15. Qxa5 Qxe4 16. Qa8+ Kd7 17. Qa4+ Qc6 18. Qxc6+ Kxc6 19. b4 Ba7 20.
Rfe1 Rhe8 21. c5 f6 22. cxd6 cxd6 23. b5+ Kd7 24. b6 Bb8 25. c4 f5 26. Rbd1 Kc6
27. Nh4 f4 28. Rb1 Kc5 29. Re4 d5 30. cxd5 Kxd5 31. Rbe1 Re6 32. Nf3 Rde8 33.
Rb4 e4 34. Nd4 Re5 35. Rd1 Kc5 36. Rb5+ Kc4 37. Rb2 e3 38. a3 exf2+ 39. Kxf2
Kc5 40. Rb5+ Kd6 41. Rxe5 Rxe5 42. Nf5+ Kc6 43. Nxg7 Bd6 44. Rc1+ Kxb6 45. Rc8
Bxa3 46. Rh8 Kc6 47. Rxh6+ Kd5 48. Rf6 Bc1 49. h4 Ke4 50. h5 Be3+ 51. Ke2 Rg5
52. Re6+ Kd5 53. Rg6 Rxg6 54. hxg6 Bc1 55. Kd1 Bb2 56. Nh5 Ke6 57. Nxf4+ Kf6
58. Kc2 Be5 59. Nd3 Bd6 60. Nf2 Kxg6 61. Ne4 Be7 62. g4 Kf7 63. Kc3 Ke6 64. Kd3
Ke5 65. Ke3 b5 66. Kf3 b4 67. Nd2 Kd4 68. Ke2 Bd8 69. g5 Bxg5 70. Nf3+ Kd5 71.
Nxg5 Kd4 72. Kf2 Kc4 73. Kg2 Kd5 74. Kh2 Kd4 75. Nf3+ Kc4 76. Kh3 Kd5 77. Kh4
Kd6 78. Kh5 Ke6 79. Kh6 Kd5 80. Kh7 Kd6 81. Kh8 Ke6 82. Kg8 Kf5 83. Kh8 Kf6 84.
Kg8 Ke6 85. Kh8 Kf5 86. Kg8 Ke4 87. Ng5+ Kd5 88. Kh8 Kd4 89. Nf3+ Kc4 90. Kg8
Kd3 91. Ne5+ Kc3 92. Ng4 Kd4 93. Nf2 Kd5 94. Kh8 Kd6 95. Kg8 Kc6 96. Kh8 Kd5
97. Kg8 Kd4 98. Kh8 Kc4 99. Kg8 Kb5 100. Kh8 Kc6 101. Kg8 Kd6 102. Kh8 b3 103.
Kg8 Ke5 104. Kh8 Kd4 105. Nd1 Ke4 106. Kg8 Ke5 107. Kh8 Kd4 108. Kg8 Ke4 109.
Kh8 Kd5 110. Kg8 Kc4 111. Kh8 Kd3 112. Kg8 Ke2 113. Nb2 Ke3 114. Kh8 Kf4 115.
Kg8 Ke5 116. Kh8 Kd5 117. Kg8 Kc5 118. Kh8 Kd6 119. Kg8 Ke6 120. Kh8 Kf5 121.
Kg8 Kf4 122. Kh8 Ke3 123. Kg8 Kf3 124. Kh8 Kg4 125. Kg8 Kf5 126. Kh8 Ke6 127.
Kg8 Kd6 128. Kh8 Kc5 129. Kg8 Kb5 130. Kh8 Kb4 131. Kg8 Ka5 132. Kh8 Kb5 133.
Kg8 Kb4 134. Kh8 Kc3 135. Nd1+ Kc4 136. Kg8 Kd3 137. Kh8 Ke2 138. Nb2 Kf3 139.
Kg8 Kg4 140. Kh8 Kg5 141. Kg8 Kf6 142. Kh8 Ke7 143. Kg8 Kd7 144. Kh8 Kc6 145.
Kg8 Kb6 146. Kh8 Kc7 147. Kg8 Kc6 148. Kh8 Kb7 149. Kg8 Ka7 150. Kh8 Kb8 151.
Kg8 Kc7 152. Kh8 Kd7 153. Kg8 {
Secret ran out of time and Hossa has no material to mate} 1/2-1/2

[Event "ICS Rated blitz match"]
[Site "207.99.83.227"]
[Date "1999.04.03"]
[Round "?"]
[White "matar"]
[Black "Hossa"]
[Result "0-1"]
[WhiteElo "2285"]
[BlackElo "2481"]
[PlyCount "38"]

1. e4 d6 2. d4 Nf6 3. Nc3 g6 4. Be3 Bg7 5. Qd2 Bg4 6. f3 Bd7 7. O-O-O Nc6 8.
Bc4 O-O 9. h4 e5 10. Nge2 Re8 11. h5 gxh5 12. Bg5 Nxd4 13. Rxh5 c6 14. Bh6 Nxh5
15. Bxg7 Nxg7 16. Qh6 Nxe2+ 17. Nxe2 Be6 18. Bd3 f6 19. Rh1 19... Kf7 {
matar resigns} 0-1

[Event "ICS rated blitz match"]
[Site "207.99.83.227"]
[Date "1999.04.03"]
[Round "?"]
[White "Hossa"]
[Black "matar"]
[Result "1-0"]
[WhiteElo "2489"]
[BlackElo "2277"]
[PlyCount "103"]

1. e4 c5 2. Bc4 e6 3. Nc3 a6 4. a4 Nc6 5. Nf3 Nf6 6. O-O d5 7. exd5 exd5 8. Bb3
Be7 9. d3 O-O 10. Re1 Bg4 11. Bg5 Nd4 12. Bxf6 Bxf6 13. Bxd5 Nxc2 14. Qxc2 Bxc3
15. Bxb7 Bxe1 16. Bxa8 Bxf2+ 17. Qxf2 Qxa8 18. Ne5 Be6 19. Qxc5 Rc8 20. Qf2 Qd5
21. d4 Qb3 22. Re1 Qxa4 23. Nd3 Rc2 24. Qf4 h6 25. d5 Qxf4 26. Nxf4 Bf5 27. Re2
Rxe2 28. Nxe2 Kf8 29. Kf2 Ke7 30. Ke3 Kd6 31. Nc3 Bc2 32. Kd4 f5 33. b4 Bb3 34.
b5 axb5 35. Nxb5+ Kd7 36. Ke5 Bc2 37. Nd4 Be4 38. g4 Bxd5 39. Kxd5 fxg4 40. Nf5
h5 41. Nxg7 h4 42. Nf5 g3 43. Nxg3 hxg3 44. hxg3 Ke7 45. Ke5 Kf7 46. Kf5 Kg7
47. Kg5 Kh7 48. Kf6 Kg8 49. g4 Kf8 50. g5 Kg8 51. Kg6 Kf8 52. Kh7 {
matar resigns} 1-0

[Event "ICS rated blitz match"]
[Site "207.99.83.227"]
[Date "1999.04.03"]
[Round "?"]
[White "ceraje"]
[Black "Hossa"]
[Result "1-0"]
[WhiteElo "2801"]
[BlackElo "2513"]
[Annotator "Crafty v16.6"]
[PlyCount "87"]

{annotating for player Hossa using a scoring margin of +0.10 pawns. search
time limit is 20.00} 1. d4 1... Nf6 2. c4 g6 3. Nc3 Bg7 4. Nf3 O-O ({8:-0.29} 
4... O-O 5. e4 c6 6. Be2 d5 7. e5 Ng4 8. O-O dxc4 9. Bxc4 $10) ({8:-0.18} 4...
d5 5. e3 Nc6 6. Ne5 dxc4 7. Nxc6 bxc6 8. Bxc4 8... O-O $10) 5. e4 c5 6. dxc5
Nc6 ({9:-0.36} 6... Nc6 7. Nd2 Ne8 8. Nb3 Nc7 9. Bd2 d6 10. Bf4 Bxc3+ 11. bxc3
11... Ne8 $14) ({9:+0.09} 6... Na6 7. e5 Ng4 8. Qd5 Qc7 9. Bg5 e6 10. Qd6 10...
Qxc5 $10) 7. Bd2 Nb4 ({8:-0.56} 7... Nb4 8. Bg5 Nc6 9. a3 Qa5 10. b4 Qc7 11.
Bd3 $14) ({8:-0.37} 7... Re8 8. Be2 d6 9. cxd6 exd6 10. Bg5 Qb6 11. Qc2 11...
Qb4 $14) 8. a3 Na6 9. b4 Re8 10. Be2 d6 11. cxd6 exd6 12. Bg5 Qb6 ({9:-0.89} 
12... Qb6 13. Bxf6 Bxf6 14. Nd5 Qd8 15. Nxf6+ Qxf6 16. Nd2 Qd4 17. O-O Be6 18.
Re1 $16) ({9:-0.29} 12... h6 13. Bxf6 Bxf6 14. Rc1 Bxc3+ 15. Rxc3 Rxe4 16. O-O
Bg4 17. Qd3 Qe7 18. Re1 $10) 13. Bxf6 Bxf6 14. Nd5 Qd8 15. Nxf6+ Qxf6 16. Nd2
Nb8 ({10:-0.88} 16... Nb8 17. O-O Nc6 18. Qb3 Qf4 19. Qd3 Ne5 20. Qd5 Ng4 21.
Bxg4 21... Bxg4 $16) ({10:-0.76} 16... Qf4 17. O-O Nc7 18. Re1 Bd7 19. Bf3 Rad8
20. e5 b6 21. Re4 $16) 17. O-O Nc6 18. Qb3 Nd4 19. Qd3 Be6 20. Rac1 Rac8 21.
Rfd1 d5 ({8:-1.19} 21... d5 22. cxd5 Rxc1 23. Rxc1 Bxd5 24. Bg4 Bc6 25. Rc5
25... Rd8 $16) ({8:-0.98} 21... Nxe2+ 22. Qxe2 Qf4 23. Qd3 Bg4 24. f3 Be6 25.
Qd4 a6 26. a4 $16) 22. cxd5 Rxc1 23. Rxc1 Nxe2+ 24. Qxe2 Bxd5 25. Qd3 Bc6 26.
Qe3 Qh4 27. f3 a6 ({10:-1.44} 27... a6 28. Nc4 Re6 29. Na5 Qf6 30. Nxc6 Rxc6
31. Rxc6 Qxc6 32. g3 Qd6 33. Qh6 $16) ({10:-1.13} 27... Rd8 28. Nb3 b6 29. Nd4
Ba4 30. b5 Qh5 31. e5 Qh4 32. Nc6 $16) 28. Nc4 Re6 29. Qd2 Re8 ({10:-1.66} 
29... Re8 30. Na5 Rd8 31. Qe3 Bb5 32. Nxb7 Rd3 33. Qf2 Qxf2+ 34. Kxf2 Kg7 35.
Ra1 $18) ({10:-1.35} 29... Bb5 30. Nd6 Bc6 31. Qd4 Qf4 32. Rd1 Ba4 33. Rd2 Bc6
34. Rd3 $16) 30. Na5 Rd8 31. Qe3 Qf6 32. Nxc6 bxc6 33. h3 Rd6 34. e5 Qe6 35. f4
Rd7 36. Qb6 Qb3 37. Kh2 Qxa3 38. Rxc6 Kg7 39. Rc8 Kh6 40. Qf6 Qe3 41. Rg8 Qxe5
42. Qxe5 f5 43. Qf6 Rb7 44. Qg5# 1-0

[Event "ICS rated blitz match"]
[Site "207.99.83.227"]
[Date "1999.04.03"]
[Round "?"]
[White "TDChess"]
[Black "Hossa"]
[Result "1-0"]
[WhiteElo "2493"]
[BlackElo "2511"]
[Annotator "Crafty v16.6"]
[PlyCount "223"]

{annotating for player Hossa using a scoring margin of +0.10 pawns. search
time limit is 20.00} 1. d4 1... Nf6 2. Nf3 e6 3. e3 Be7 4. Bd3 O-O 5. O-O d5 6.
c4 Nc6 7. c5 b6 8. cxb6 axb6 9. Nc3 Nb4 10. Bb1 Ba6 11. Re1 c5 ({9:-0.01} 11...
c5 12. dxc5 bxc5 13. a3 Nc6 14. Bc2 Qd6 15. Qd2 Ng4 16. a4 $10) ({9:+0.12} 
11... Qd6 12. e4 dxe4 13. Nxe4 Nxe4 14. Bxe4 Nd5 15. Ne5 f6 16. Ng4 16... Bc4
$10) 12. a4 Bd6 13. dxc5 bxc5 ({9:+0.04} 13... bxc5 14. e4 Bc7 15. e5 Nd7 16.
b3 Ba5 17. Ng5 d4 18. Bxh7+ $10) ({9:+0.38} 13... Bxc5 14. Nd4 Qd7 15. Nb3 Bd6
16. Qd4 Bc4 17. Nd2 17... Bc5 $15) 14. e4 dxe4 ({8:-0.49} 14... dxe4 15. Nxe4
Be7 16. Qxd8 Rfxd8 17. Ne5 Bb5 18. Ng5 Rxa4 19. Rxa4 Bxa4 20. Ngxf7 $14) ({
8:+0.05} 14... Be7 15. exd5 exd5 16. Nh4 Ne8 17. Nf5 Bf6 18. Bf4 18... Bc4 $10)
15. Nxe4 Nxe4 ({8:-0.77} 15... Nxe4 16. Bxe4 Ra7 17. Ng5 h6 18. Qh5 Re8 19. Nf3
19... Nd3 $16) ({8:-0.40} 15... Be7 16. Qxd8 Rfxd8 17. Bg5 Nd3 18. Nxf6+ gxf6
19. Bxd3 Bxd3 20. Bh6 Ra5 21. Red1 $14) 16. Bxe4 Nd3 ({8:-0.78} 16... Nd3 17.
Bg5 Qd7 18. Bxa8 Nxe1 19. Be4 Nxf3+ 20. Qxf3 f6 21. Bc6 $16) ({8:-0.63} 16...
Rb8 17. Bg5 f6 18. Bc1 Qe7 19. Bf5 Bc4 20. a5 $14) 17. Bg5 Qd7 18. Re2 Rab8 ({
8:-1.17} 18... Rab8 19. b3 c4 20. bxc4 Nc5 21. Qc2 Nxe4 22. Qxe4 22... Bc5 $16)
({8:-0.83} 18... Ra7 19. Be3 Rd8 20. Rd2 Nxb2 21. Rxb2 Bxh2+ 22. Kxh2 Qxd1 23.
Rxd1 23... Rxd1 $16) 19. b3 f6 ({9:-1.27} 19... f6 20. Be3 Be5 21. Nxe5 Nxe5
22. Rd2 Qe7 23. Qh5 g6 24. Qd1 $16) ({9:-0.54} 19... c4 20. bxc4 Nc5 21. Nd2 f6
22. Bh4 Be5 23. Rc1 23... Nxa4 $14) 20. Rd2 Rfd8 ({9:-1.16} 20... Rfd8 21. Be3
c4 22. bxc4 Nb2 23. Qc2 Nxc4 24. Bxh7+ Kh8 25. Re2 Nxe3 26. Rxe3 $16) ({9:-0.90
} 20... fxg5 21. Bxd3 Bxd3 22. Rxd3 Rbd8 23. Kf1 h6 24. Ne5 Qc7 25. Ng6 $16)
21. Be3 Rb4 ({9:-1.72} 21... Rb4 22. Bxd3 Bxd3 23. Rxd3 Bxh2+ 24. Kxh2 Qxd3 25.
Qxd3 Rxd3 26. Bxc5 Rbxb3 27. Kg3 $18) ({9:-1.16} 21... c4 22. bxc4 Nb2 23.
Bxh7+ Kh8 24. Rxd6 Nxd1 25. Rxd7 Rxd7 26. Bf4 Kxh7 27. Bxb8 27... Bxc4 $16) 22.
Bxd3 Bxd3 23. Rc1 Rb7 24. Bxc5 Bf4 25. Be3 Bxe3 26. fxe3 Rb6 27. b4 Rd6 ({
10:-2.29} 27... Rd6 28. Ne1 Be4 29. Rxd6 Qxd6 30. Qxd6 Rxd6 31. Rc8+ Kf7 32.
Rc7+ Kg6 33. b5 Rd1 34. Kf2 $18) ({10:-1.73} 27... e5 28. Qb3+ Kf8 29. Ne1 e4
30. Nxd3 exd3 31. b5 Qf5 32. Rc3 Rbd6 33. b6 $18) 28. b5 Qa7 29. Kf2 Qa5 ({
9:-2.23} 29... Qa5 30. Rc6 R6d7 31. Qb3 Kh8 32. b6 e5 33. b7 Qa7 34. Rc8 $18) (
{9:-1.82} 29... Rd5 30. Rc3 Be4 31. Rxd5 Bxd5 32. Qc2 Qb7 33. Rc7 Qb6 34. Qc5
$18) 30. Rc6 R6d7 ({9:-2.39} 30... R6d7 31. Qb3 Bc4 32. Rxd7 Bxb3 33. Ra6 Rxd7
34. Rxa5 34... Kf7 $18) ({9:-2.25} 30... Rd5 31. b6 Be4 32. Rxd5 Rxd5 33. Qb3
Rd2+ 34. Kg3 Bxc6 35. Qxe6+ Kf8 36. Nxd2 36... Qxb6 $18) 31. Qb3 Bc4 32. Qxc4
Rxd2+ 33. Nxd2 Qxd2+ 34. Qe2 Qb4 35. Rc4 Qa5 36. Kf1 Qa7 37. Qf3 Qa5 38. e4 Qb6
39. Rc6 Qb8 40. g3 Qe5 41. Qb3 Kf7 42. Qc2 Ra8 43. Rc4 h5 44. Qd1 Kg6 45. Qd4
Qb8 46. Qc5 Ra5 47. Qb4 Qd8 48. Rd4 Qa8 49. b6 e5 50. b7 Qa6+ 51. Kg1 Rxa4 52.
Qxa4 Qxb7 53. Rb4 Qc8 54. Rc4 Qe6 55. Rc6 Qg4 56. Rc7 Qe2 57. Rc2 Qg4 58. Rc1
h4 59. Qe8+ Kh7 60. Kf2 Qg5 61. Rd1 Qg4 62. Rd8 hxg3+ 63. hxg3 Kh6 64. Qf7 Kh7
65. Rd7 Kh6 66. Re7 Qg5 67. Kf3 Kh7 68. Rd7 Qh6 69. Rd1 Qh3 70. Rc1 Kh6 71. Rb1
Kh7 72. Qe8 Qh6 73. Rg1 Qh3 74. Rc1 Qh2 75. Rd1 Qh3 76. Qf7 Qh2 77. Rc1 Qh3 78.
Rb1 Qh2 79. Ra1 Qh3 80. Qe8 Qh2 81. Rc1 Qh3 82. Qc8 Qh6 83. Qf5+ Kg8 84. Rc8+
Kf7 85. Rc7+ Kg8 86. Qc8+ Kh7 87. Rc1 Kg6 88. Qg4+ Kf7 89. Rb1 Kg8 90. Rb8+ Kf7
91. Rb7+ Kg8 92. Qc8+ Kh7 93. Qf5+ Kg8 94. Rb8+ Kf7 95. Qd7+ Kg6 96. Kg2 Qg5
97. Rh8 Qh6 98. Qf5+ Kf7 99. Rxh6 gxh6 100. Qh7+ Ke6 101. Qxh6 Kf7 102. Qh5+
Kg7 103. g4 Kf8 104. g5 f5 105. Qh8+ Ke7 106. Qxe5+ Kf7 107. g6+ Kxg6 108.
exf5+ Kh6 109. Kh3 Kh7 110. Qg3 Kh8 111. f6 Kh7 112. Qg7# 1-0

[Event "ICS rated blitz match"]
[Site "207.99.83.227"]
[Date "1999.04.03"]
[Round "?"]
[White "Hossa"]
[Black "bakihanma"]
[Result "1-0"]
[WhiteElo "2494"]
[BlackElo "2342"]
[PlyCount "71"]

1. e4 c5 2. Bc4 e6 3. Nc3 Nc6 4. Nf3 Nge7 5. O-O d5 6. exd5 exd5 7. Bb5 a6 8.
Bxc6+ Nxc6 9. d4 c4 10. Re1+ Be7 11. Ne5 O-O 12. Nxd5 Qxd5 13. Nxc6 bxc6 14.
Rxe7 Be6 15. Be3 Rfb8 16. Bf4 Rxb2 17. Bc1 Rb5 18. a4 Rb4 19. Bd2 Rbb8 20. Bf4
Rd8 21. Bc7 Rd7 22. Rxd7 Qxd7 23. Bb6 Bd5 24. Bc5 Re8 25. Rb1 h6 26. a5 Qf5 27.
f3 Qg5 28. Qc1 Qg6 29. Kf1 c3 30. Rb4 h5 31. Qb1 Re2 32. g4 Bxf3 33. h3 hxg4
34. h4 Qe4 35. d5 Qe3 36. Bxe3 {bakihanma resigns} 1-0

[Event "ICS rated blitz match"]
[Site "207.99.83.227"]
[Date "1999.04.03"]
[Round "?"]
[White "bakihanma"]
[Black "Hossa"]
[Result "1-0"]
[WhiteElo "2333"]
[BlackElo "2503"]
[Annotator "Crafty v16.6"]
[PlyCount "109"]

{annotating for player Hossa using a scoring margin of +0.10 pawns. search
time limit is 20.00} 1. d4 1... Nf6 2. c4 g6 3. Nc3 Bg7 4. e4 d6 5. f3 O-O 6.
Be3 e5 7. d5 Na6 8. Qd2 Bd7 9. Nge2 Re8 ({8:-0.42} 9... Re8 10. g4 c6 11. dxc6
Bxc6 12. g5 Nh5 13. Ng3 Nxg3 14. hxg3 $14) ({8:-0.31} 9... c6 10. dxc6 Bxc6 11.
Rd1 Qa5 12. Bg5 Rad8 13. Nd5 Qxd2+ 14. Rxd2 Bxd5 15. cxd5 $14) 10. Bh6 Bh8 ({
9:-0.84} 10... Bh8 11. g4 Bg7 12. Bxg7 Kxg7 13. Ng3 Kh8 14. g5 Ng8 15. Qe3 $16)
({9:-0.09} 10... Bxh6 11. Qxh6 c6 12. dxc6 Bxc6 13. Nc1 Re6 14. Nb3 Qf8 15.
Qxf8+ Rxf8 16. Nd5 Nxd5 17. cxd5 $10) 11. h4 Nh5 ({9:-1.42} 11... Nh5 12. g4
Nf6 13. h5 Bg7 14. Bxg7 Kxg7 15. hxg6 fxg6 16. Qh6+ Kg8 17. g5 $16) ({9:-0.83} 
11... Bg7 12. Bxg7 Kxg7 13. g4 Nc5 14. h5 Kg8 15. h6 Na4 16. Nxa4 16... Bxa4
$16) 12. g4 Ng7 13. h5 gxh5 14. g5 f6 15. O-O-O Rf8 16. Ng3 fxg5 17. Bxg5 Qe8 (
{9:-1.20} 17... Qe8 18. Be2 Nb4 19. Rdg1 Rb8 20. Bh6 Kf7 21. Qg5 21... Kg8 $16)
({9:-0.96} 17... Qc8 18. Bg2 Qe8 19. Rdg1 Qf7 20. Kb1 c6 21. dxc6 Bxc6 22. Qd3
$16) 18. Be2 Nc5 ({9:-1.65} 18... Nc5 19. Rdg1 Rc8 20. Bh6 Kf7 21. Nxh5 Rg8 22.
Ng3 22... Ke7 $18) ({9:-1.20} 18... Nb4 $16) 19. Rdg1 a5 20. Bh6 h4 21. Rxh4
Rf7 ({8:-2.42} 21... Rf7 22. Nh5 Qd8 23. Rh2 c6 24. Rhg2 Bh3 25. Rg5 $18) ({
8:-1.83} 21... Qe7 $18) 22. Nh5 Qf8 ({7:-4.32} 22... Qf8 23. Bxg7 Rxg7 24. Nxg7
Bxg7 25. Qh6 Qe7 26. Qxh7+ 26... Kf8 $18) ({8:-2.67} 22... Qe7 $18) 23. Rh2 Re8
24. Rhg2 Ree7 25. Bg5 Re8 26. Bh4 Bh3 27. Rg3 Bc8 28. Qh6 Nd7 29. Nb5 Ree7 30.
Nxc7 Nf6 31. Ne6 Rxe6 32. dxe6 Nfxh5 33. exf7+ Qxf7 34. Qxd6 Qf4+ 35. Kc2 Nxg3
36. Bxg3 Qf8 37. Bxe5 Qxd6 38. Bxd6 h5 39. c5 Be6 40. b3 Bf7 41. f4 Kh7 42. f5
Be8 43. Bd3 a4 44. e5 Kh6 45. e6 axb3+ 46. axb3 h4 47. Bf4+ Kh7 48. f6+ Kg8 49.
fxg7 Bxg7 50. Be5 Bg6 51. Rxg6 Kf8 52. Rxg7 Ke8 53. Bf6 Kf8 54. Bh7 Ke8 55.
Rg8# 1-0

[Event "ICS rated blitz match"]
[Site "207.99.83.227"]
[Date "1999.04.03"]
[Round "?"]
[White "Hossa"]
[Black "nimraz"]
[Result "1-0"]
[WhiteElo "2452"]
[BlackElo "2258"]
[PlyCount "83"]

1. e4 c5 2. Bc4 e6 3. Nc3 a6 4. a4 Qc7 5. Nf3 Nc6 6. O-O Nf6 7. d3 Bd6 8. Bg5
b6 9. Bxf6 gxf6 10. h3 Bb7 11. d4 cxd4 12. Nxd4 Ne5 13. Ndb5 axb5 14. Nxb5 Nxc4
15. Nxc7+ Bxc7 16. Qd4 d5 17. exd5 Bxd5 18. f4 Ke7 19. b3 Rhg8 20. g4 Bd6 21.
Kh2 Bc5 22. Qd3 Nd6 23. Rae1 Bb7 24. Qxh7 Rh8 25. Qd3 Rag8 26. Kg3 Nf5+ 27.
Qxf5 Bd6 28. h4 Rg6 29. Rxe6+ fxe6 30. Qxg6 Rf8 31. Rd1 Bc7 32. Qg7+ Rf7 33.
Rd7+ Kxd7 34. Qxf7+ Kd6 35. Qxf6 Bd5 36. h5 Kd7 37. h6 Bd8 38. Qf7+ Kc6 39. h7
Bc7 40. h8=Q Bd6 41. Qc8+ Bc7 42. Qcxc7# {nimraz checkmated} 1-0

[Event "ICS rated blitz match"]
[Site "207.99.83.227"]
[Date "1999.04.03"]
[Round "?"]
[White "Hossa"]
[Black "nimraz"]
[Result "1-0"]
[WhiteElo "2467"]
[BlackElo "2243"]
[Annotator "Fritz 5.32 (15s)"]
[PlyCount "101"]

1. e4 c5 2. Bc4 Nf6 (2... Nc6 3. c3 e6 4. Qe2 Nge7 5. d3 g6 6. Nf3 Bg7 7. O-O
O-O 8. Bb3 d6 9. Be3 b6 10. d4 cxd4 11. Nxd4 Na5 12. Bc2 e5 13. Nb3 Nac6 14.
Rd1 Be6 15. Na3 Qd7 16. Nb5 Nc8 17. Rd2 {
Faybish,N-Praet,M/Interteam ch, Antwerp BEL 1998/ - (29)}) 3. e5 $146 (3. Nc3
3... e6 $11) (3. Qf3 e6 4. Nh3 d5 5. exd5 exd5 6. Bb5+ Nc6 7. Bxc6+ bxc6 8. Ng5
Bg4 9. Qe3+ Be7 10. f3 d4 11. Nxf7 Kxf7 12. Qb3+ Be6 13. Qb7 Rb8 14. Qxa7 Qd5
15. b3 Qe5+ 16. Kf2 d3 17. c3 Bg4 18. Re1 Ne4+ 19. Rxe4 Qh5 20. Qxe7+ Kg6 21.
Rxg4+ 21... Kh6 {1-0 stoke-WoodbGM/ICC 1997 (21)}) (3. Nf3 Nxe4 4. d3 Nf6 5.
Ng5 e6 6. Nc3 Ng4 7. Qxg4 f5 8. Qe2 8... Qxg5 {1-0 Kloner-WoodbGM/ICC 1997 (8)}
) 3... d5 4. exd6 (4. Bb5+ Bd7 5. Be2 5... Ng8 $14) 4... Qxd6 5. Nf3 g6 6. O-O
Bg7 7. d3 {Sichert e4} 7... O-O 8. Bg5 Nc6 9. Nc3 Nd4 10. Nxd4 cxd4 11. Bxf6
Qxf6 12. Nd5 Qd6 13. Qf3 Be6 14. Qg3 14... Rfd8 $11 (14... Rad8 $5 $142 15.
Qxd6 15... Rxd6 $17) 15. Qxd6 Rxd6 16. Nc7 ({Schwaecher ist} 16. Nxe7+ 16...
Kf8 $19) 16... Bxc4 $16 (16... Rc8 $5 {ist eine gute Alternative} 17. Nxe6
17... fxe6 $14) 17. Nxa8 (17. dxc4 {ist schnell zu verwerfen} 17... Rc8 18. Nb5
18... Rb6 $17) 17... Bd5 18. Nc7 Bc6 19. f4 $4 $17 {wirft den Vorteil weg} (19.
a4 $142 19... Rd7 20. Nb5 $16) 19... Rd7 20. Ne8 $19 (20. Ne6 fxe6 21. Rae1
21... Kf7 $17) 20... Bh8 21. f5 Kf8 22. Rf4 Kxe8 23. Rh4 h5 24. fxg6 fxg6 25.
Re1 Bf6 26. Rf4 Kf7 (26... Bg5 27. Rff1 $19) 27. Kf2 a5 28. a3 a4 29. h3 h4 (
29... Rd5 30. Kg1 $19) 30. Re2 (30. g4 $142 30... g5 31. Rf5 $19) 30... Rd5 31.
Ke1 Rb5 32. Ref2 Kg7 33. c3 dxc3 34. bxc3 Rb3 35. Ra2 (35. c4 {
kann das Vorangegangene nicht ungeschehen machen} 35... Rxd3 36. Ra2 36... e5
$19) 35... Rxc3 36. Kd2 36... g5 $17 (36... Bd5 $142 {sichert den Gewinn} 37.
Rc2 37... Rxa3 $19) 37. Rxf6 37... Rb3 $4 $11 {vergibt den Vorteil} (37... Rxa3
$1 $142 38. Rxa3 38... Kxf6 $19) 38. Rf2 Kg6 39. Re2 $11 (39. Ke3 39... e5 $11)
39... Kf6 $14 (39... Kf5 40. Kc2 $11) 40. Kc2 $11 (40. Ke3 40... e5 $11) 40...
e5 41. Kd2 Kf5 42. Kc2 g4 43. Rf2+ (43. hxg4+ Kxg4 44. Rb2 Rxb2+ 45. Kxb2 Kg3
46. Rxe5 Bxg2 47. Rg5+ 47... Kf2 $19) 43... Kg5 44. hxg4 44... Kxg4 {
Der schwarze Koenig wird gefaehrlich} (44... e4 45. dxe4 Bxe4+ 46. Kd1 Kxg4 47.
Rfe2 Rb1+ 48. Kd2 $11) 45. Re2 Kf4 46. Ra1 $15 (46. Kd2 46... Bd5 $11) 46...
Kg3 $11 (46... e4 47. dxe4 Bxe4+ 48. Kc1 $11) 47. Rxe5 Bxg2 48. Rg5+ 48... Kh2
$14 (48... Kf3 $5 $11 {sieht spielbar aus}) 49. Rg4 h3 50. Rxa4 50... b5 $4 $18
{und es geht weiter bergab} (50... Rb6 $142 51. Rg4 51... Re6 $16) 51. Rd4 $1 {
Boing!} (51. Rd4 Rxa3 52. Rxa3 $18) (51. Kxb3 bxa4+ 52. Kxa4 52... Kg3 $14) 1-0